Представление документа в формате MARC21

ПолеНазваниеЗначение
  Тип записи a
  Библиографический уровень m
001 Контрольный номер BIBLIOCLUB\0000721384
005 Дата корректировки 20260430154905.3
006 m o d
007 Элементы данных для физической характеристики c|||||||||||||
008 Кодируемые данные s2024 rus o rus d
020 Индекс ISBN __
a ISBN 978-5-00172-615-9
041 Код языка издания 0_
a Код языка текста rus
084 Индекс другой классификации/Индекс ББК __
a Индекс другой классификации/Индекс ББК 16.333.23я73
b Номер единицы LBC/PL
2 Источник индекса rubbk
084 Индекс другой классификации/Индекс ББК __
a Индекс другой классификации/Индекс ББК 22.185.1я73
b Номер единицы LBC/PL
2 Источник индекса rubbk
245 Заглавие 10
a Заглавие Методы системного анализа, принятия решений и обработки информации с помощью компьютерных программ: учебное пособие по дисциплине «Методы принятия управленческих решений на основе данных»
b Продолж. заглавия учебное пособие
c Ответственность И. Э. Гаглоева, Ю. В. Саханский, М. А. Ковалева, М. В. Волик
c Ответственность Финансовый университет при Правительстве Российской Федерации
c Ответственность Кафедра «Математика и информатика»
260 Выходные данные __
a Место издания Москва
b Издательство Прометей
c Дата издания 2024
300 Физическое описание __
a Объем 90 с.
b Иллюстрации/ тип воспроизводства ил., табл.
504 Библиография __
a Библиография Библиогр. в кн
653 Ключевые слова 1_
a Ключевые слова Учебник для высшей школы
700 Другие авторы _1
a Другие авторы Волик М. В.
700 Другие авторы _1
a Другие авторы Гаглоева И. Э.
700 Другие авторы _1
a Другие авторы Ковалева М. А.
700 Другие авторы _1
a Другие авторы Саханский Ю. В.
856 Электронный адрес документа 40
3 Область применения данных поля Университетская библиотека ONLINE
u URL https://biblioclub.ru/index.php?page=book&id=721384
900 Электронные ресурсы __
a Имя электронного ресурса https://img.biblioclub.ru/sm_cover/66023f668fbbfa3d397bb75415800d73ymzcfuadb3/cover.jpg